000 00318nam a22001457a 4500
020 _a978-81-226-1342-1
082 _a894.812.3
_bTAG/I
100 _aTAGORE, RAVEEDNRANATH
245 _aBAALI, CHOGHER
260 _aTHRISSUR
_bCURRENT BOOKS
_c2017
300 _a254
520 _aNOVEL
650 _aNOVEL
942 _cBK
999 _c5332
_d5332